00578nam a2200193Ia 450000500170000000800410001702000180005804000180007604100080009408200210010210000210012324501030014425000120024726000490025930000260030865000090033470000200034370000210036320220621101156.0210716s2001 xx 000 0 und d a9788120308435 cAIMIT LIBRARY aeng a005.73 21bKRUR aKruse, Robert L. aData structures and program design in c /cBy Robert L. Kruse, Bruce P. Leung and Clovis L. Tondo. a1st ed. aNew Delhi :bPHI Learning Pvt Ltd. ,c2001 . axv, 493p. ;c23.5 cm. aNone aLeung, Bruce P. aTondo, Clovis L.